Factibilidad técnica y costeo de una planta de inyección de polietileno y poliestireno, para fabricar artículos plásticos, utilizando como materia prima, subproductos de una empresa de la industria del plástico
Spremljeno u:
| Glavni autor: | |
|---|---|
| Format: | Knjiga |
| Izdano: |
San José, Costa Rica
2009
|
| Teme: | |
| Oznake: |
Dodaj oznaku
Bez oznaka, Budi prvi tko označuje ovaj zapis!
|
MARC
| LEADER | 00000nam a2200000Ia 4500 | ||
|---|---|---|---|
| 003 | 001517 | ||
| 005 | 20221231144043.0 | ||
| 008 | 140114s2009 cr ab 000 ||s d | ||
| 040 | |c cru CEDI | ||
| 090 | |a TFG 6032 | ||
| 100 | |a Alpízar León, Esteban Edgardo |9 3415 | ||
| 245 | |a Factibilidad técnica y costeo de una planta de inyección de polietileno y poliestireno, para fabricar artículos plásticos, utilizando como materia prima, subproductos de una empresa de la industria del plástico | ||
| 260 | |c 2009 |b San José, Costa Rica | ||
| 300 | |a xvi, 138 páginas; ilustraciones (principalmente a color), 1 mapa | ||
| 500 | |a Tesis (licenciatura en ingeniería química)--Universidad de Costa Rica. Facultad de Ingeniería. Escuela de Ingeniería Química | ||
| 650 | |x PLASTICOS |x FABRICACION |x INDUSTRIA Y COMERCIO |x COSTOS |x POLIETILENO |x PRODUCTOS DE RESIDUOS |x ELECTRO PLAST (COSTA RICA) |x POLIMEROS VINILICOS |9 3416 | ||
| 942 | |c TFG | ||
| 999 | |c 16196 |d 16196 | ||
